Complex variables and the Laplace transform for engineers (Record no. 13856)

000 -LEADER
fixed length control field 00606nam a22002051 4500
001 - CONTROL NUMBER
control field 13856
003 - CONTROL NUMBER IDENTIFIER
control field BD-DhUET
008 - FIXED-LENGTH DATA ELEMENTS--GENERAL INFORMATION
fixed length control field 840622s1961 nyua b 000 0 eng
040 ## - CATALOGING SOURCE
Original cataloging agency DLC
Transcribing agency DLC
Modifying agency BD-DhUET
082 00 - DEWEY DECIMAL CLASSIFICATION NUMBER
Classification number 517.862
Item number LEP/1961
100 ## - MAIN ENTRY--PERSONAL NAME
Personal name LePage, Wilbur R.
245 10 - TITLE STATEMENT
Title Complex variables and the Laplace transform for engineers
250 ## - EDITION STATEMENT
Edition statement 1st ed.
260 ## - PUBLICATION, DISTRIBUTION, ETC. (IMPRINT)
Place of publication, distribution, etc. Bombay
Name of publisher, distributor, etc. McGraw-Hill
Date of publication, distribution, etc. 1961
300 ## - PHYSICAL DESCRIPTION
Extent xvi, 475 p.
Other physical details ill.
Dimensions 24 cm.
490 ## - SERIES STATEMENT
Series statement International series in pure and applied mathematics
504 ## - BIBLIOGRAPHY, ETC. NOTE
Bibliography, etc Includes bibliographies
650 #0 - SUBJECT ADDED ENTRY--TOPICAL TERM
Topical term or geographic name as entry element Calculus - Complex variables
942 ## - ADDED ENTRY ELEMENTS (KOHA)
Koha item type General Book
Holdings
Koha full call number Koha date last seen Withdrawn status Piece designation (barcode) Koha normalized classification for sorting Not for loan Damaged status Copy number Date acquired Sublocation or collection (holding branch) Koha item type Source of classification or shelving scheme Lost status Location (home branch) Shelving location Price effective from
517.862/LEP/19612015-03-05 40116517_862000000000000_LEP_1961  12015-03-05Central Library, BUETGeneral Book  Central Library, BUETCirculation section2015-03-05
517.862/LEP/19612015-03-05 24385517_862000000000000_LEP_1961  22015-03-05Central Library, BUETGeneral Book  Central Library, BUETCirculation section2015-03-05
517.862/LEP/19612015-03-07 6374517_862000000000000_LEP_1961  32015-03-07Central Library, BUETGeneral Book  Central Library, BUETCirculation section2015-03-07
517.862/LEP/19612015-03-07 51027517_862000000000000_LEP_1961  42015-03-07Central Library, BUETGeneral Book  Central Library, BUETCirculation section2015-03-07
517.862/LEP/19612015-03-07 20963517_862000000000000_LEP_1961  52015-03-07Central Library, BUETGeneral Book  Central Library, BUETCirculation section2015-03-07
517.862/LEP/19612015-03-07 42659517_862000000000000_LEP_1961  62015-03-07Central Library, BUETGeneral Book  Central Library, BUETCirculation section2015-03-07
517.862/LEP/19612015-03-07 40115517_862000000000000_LEP_1961  72015-03-07Central Library, BUETGeneral Book  Central Library, BUETCirculation section2015-03-07
517.862/LEP/19612015-03-07 39671517_862000000000000_LEP_1961  82015-03-07Central Library, BUETGeneral Book  Central Library, BUETCirculation section2015-03-07
517.862/LEP/19612015-03-07 39670517_862000000000000_LEP_1961  92015-03-07Central Library, BUETGeneral Book  Central Library, BUETCirculation section2015-03-07
517.862/LEP/19612015-03-07 42660517_862000000000000_LEP_1961  102015-03-07Central Library, BUETGeneral Book  Central Library, BUETCirculation section2015-03-07
517.862/LEP/19612015-03-09 42661517_862000000000000_LEP_1961  112015-03-09Central Library, BUETGeneral Book  Central Library, BUETCirculation section2015-03-09
517.862/LEP/19612015-03-09 51026517_862000000000000_LEP_1961  122015-03-09Central Library, BUETGeneral Book  Central Library, BUETCirculation section2015-03-09
517.862/LEP/19612015-05-03 2039517_862000000000000_LEP_1961  132015-05-03Central Library, BUETGeneral Book  Central Library, BUETCirculation section2015-05-03
517.862/LEP/19612015-05-03 6375517_862000000000000_LEP_1961  142015-05-03Central Library, BUETGeneral Book  Central Library, BUETCirculation section2015-05-03
517.862/LEP/19612015-05-03 2041517_862000000000000_LEP_1961  152015-05-03Central Library, BUETGeneral Book  Central Library, BUETCirculation section2015-05-03
517.862/LEP/19612015-05-03 2040517_862000000000000_LEP_1961  162015-05-03Central Library, BUETGeneral Book  Central Library, BUETCirculation section2015-05-03